[Event "Open SSM Autunno"]
[Site "Milano ITA"]
[Date "2014.09.16"]
[Round "1"]
[White "Mei, Gianluca"]
[Black "Verderame, Alberto"]
[WhiteElo "1842"]
[BlackElo "1474"]
[Result "1-0"]
[PlyCount "91"]
[EventDate "2014.09.16"]

1. e4 d6 2. d4 Nf6 3. Nc3 c6 4. Nf3 Bg4 5. Be2 e6 6. O-O d5 7. e5 Nfd7 8. Re1
Be7 9. Bf4 O-O 10. Qd2 Bxf3 11. Bxf3 c5 12. Ne2 Na6 13. a3 Nc7 14. c3 a5 15.
Ng3 b5 16. Bd1 b4 17. Bc2 bxa3 18. Qd3 f5 19. exf6 Nxf6 20. bxa3 c4 21. Qe3 Bd6
22. Bxd6 Qxd6 23. f3 Ra6 24. Reb1 a4 25. Rb4 Qd7 26. Ne2 Re8 27. Qe5 Kh8 28.
Rb7 Rc8 29. Rab1 Qd6 30. Qxd6 Rxd6 31. R1b4 Nd7 32. Bxa4 e5 33. Bxd7 Rxd7 34.
dxe5 Rdd8 35. Nd4 Na6 36. R4b6 Nc5 37. Ra7 Nd3 38. e6 Re8 39. Rbb7 Rb8 40. h4
Rxb7 41. Rxb7 Nc5 42. Rc7 Na4 43. e7 h5 44. Rd7 Kh7 45. Nf5 Nxc3 46. Rd8 1-0

[Event "Open SSM Autunno"]
[Site "Milano ITA"]
[Date "2014.09.16"]
[Round "1"]
[White "Mingolla, Patrizio"]
[Black "Pelizzola, Danilo"]
[WhiteElo "1626"]
[BlackElo "2081"]
[Result "0-1"]
[PlyCount "116"]
[EventDate "2014.09.16"]

1. e4 e5 2. Nf3 Nc6 3. Bc4 Be7 4. O-O Nf6 5. d3 d6 6. c3 O-O 7. h3 a6 8. a4 Na5
9. Ba2 c5 10. Nbd2 Bd7 11. Nc4 Nc6 12. Bg5 Qc7 13. Ne3 Rae8 14. Bxf6 Bxf6 15.
Nd5 Qd8 16. Qd2 Be6 17. Nxf6+ Qxf6 18. Qg5 Qxg5 19. Nxg5 Bxa2 20. Rxa2 h6 21.
Nf3 f5 22. Nd2 f4 23. Nc4 Re6 24. Nb6 g5 25. f3 h5 26. Nd5 Kf7 27. a5 Ree8 28.
Kf2 Ne7 29. Nb6 Nc6 30. Nd5 Rh8 31. Rb1 Rc8 32. Nb6 Rcg8 33. b4 cxb4 34. cxb4
g4 35. fxg4 hxg4 36. hxg4 Rxg4 37. Ra3 Rh2 38. Rg1 Ke6 39. Nc4 Rg3 40. Rb3 Nd4
41. Rc3 Nf3 42. Rc2 Nxg1 43. Kxg1 Rh7 44. Rd2 f3 45. Ne3 fxg2 46. Nxg2 Rf3 47.
Ne1 Rg7+ 48. Rg2 Rxg2+ 49. Kxg2 Rf8 50. Nf3 d5 51. Kf2 Kd6 52. Ke2 Rf4 53. Ke3
Rg4 54. Nd2 Rg3+ 55. Ke2 Rg2+ 56. Ke1 Kc6 57. Nf3 dxe4 58. Nxe5+ Kd5 0-1

[Event "Open SSM Autunno"]
[Site "Milano ITA"]
[Date "2014.09.16"]
[Round "1"]
[White "Miracola, Giuseppe"]
[Black "Casamassima, Paolo"]
[WhiteElo "1365"]
[BlackElo "1687"]
[Result "0-1"]
[PlyCount "32"]
[EventDate "2014.09.16"]

1. e4 c5 2. Bc4 e6 3. Nc3 a6 4. a4 Nc6 5. f4 Qc7 6. d3 g6 7. Nf3 Bh6 8. e5 d6
9. O-O Nge7 10. Re1 d5 11. Bb3 b6 12. d4 Nf5 13. dxc5 bxc5 14. Ne2 Qb6 15. c4
Na5 16. Nd2 Ne3 0-1

[Event "Open SSM Autunno"]
[Site "Milano ITA"]
[Date "2014.09.16"]
[Round "1"]
[White "Miracola, Massimiliano"]
[Black "Invernizzi, Ferruccio"]
[WhiteElo "2173"]
[BlackElo "1627"]
[Result "1-0"]
[PlyCount "33"]
[EventDate "2014.09.16"]

1. e4 d6 2. d4 Nf6 3. Nc3 g6 4. f4 Bg7 5. Nf3 O-O 6. Bd3 c6 7. O-O Qc7 8. Qe1
Nbd7 9. e5 dxe5 10. fxe5 Nd5 11. Nxd5 cxd5 12. Qh4 Re8 13. Ng5 Nf8 14. Nxf7 e6
15. Nd6 Qe7 16. Bg5 Qd7 17. Bb5 1-0

[Event "Open SSM Autunno"]
[Site "Milano ITA"]
[Date "2014.09.16"]
[Round "1"]
[White "Petrone, Gianmario"]
[Black "Spada, Maurizio"]
[WhiteElo "1963"]
[BlackElo "1611"]
[Result "1-0"]
[PlyCount "51"]
[EventDate "2014.09.16"]

1. e4 e5 2. Nf3 Nf6 3. Nxe5 d6 4. Nf3 Nxe4 5. d4 d5 6. Bd3 Bd6 7. O-O O-O 8. c4
c6 9. Nc3 Nxc3 10. bxc3 Bg4 11. c5 Bc7 12. Bc2 Bxf3 13. Qxf3 Nd7 14. Bf5 h6 15.
Re1 Nf6 16. Bc2 b6 17. Ba4 Qd7 18. c4 bxc5 19. dxc5 Rfe8 20. Bb2 Re6 21. Red1
Qe7 22. cxd5 Nxd5 23. Bxc6 Rxc6 24. Rxd5 Rxc5 25. Rxc5 Re8 26. Qc3 1-0

[Event "Open SSM Autunno"]
[Site "Milano ITA"]
[Date "2014.09.16"]
[Round "1"]
[White "Silari, Andrea"]
[Black "Vallotto, Alberto"]
[WhiteElo "1717"]
[BlackElo "1452"]
[Result "1-0"]
[PlyCount "55"]
[EventDate "2014.09.16"]

1. e4 e5 2. Nf3 d6 3. d4 exd4 4. Nxd4 Be7 5. Bc4 Nf6 6. Nc3 O-O 7. O-O a6 8. a4
c6 9. Re1 h6 10. Bf4 Qb6 11. Qd2 Kh7 12. a5 Qc5 13. b3 Nbd7 14. Na4 Qh5 15. Nf5
Ng8 16. Nxe7 Nxe7 17. Bxd6 Re8 18. e5 Nd5 19. Bxd5 cxd5 20. Qxd5 Kh8 21. Rad1
Nf6 22. Qd4 Nd7 23. f4 Nb8 24. Nb6 Nc6 25. Qd2 Bg4 26. Nxa8 Bxd1 27. Nc7 Rd8
28. Qxd1 1-0

[Event "Open SSM Autunno"]
[Site "Milano ITA"]
[Date "2014.09.19"]
[Round "2"]
[White "Brisotto, Stefano"]
[Black "Frignani, Alessandro"]
[WhiteElo "1464"]
[BlackElo "1467"]
[Result "0-1"]
[PlyCount "24"]
[EventDate "2014.09.16"]

1. e4 e5 2. Nf3 Qf6 3. Nc3 c6 4. Bc4 Bc5 5. O-O h6 6. Na4 Be7 7. d4 d6 8. h3 b5
9. dxe5 dxe5 10. Bxb5 cxb5 11. Nc3 a6 12. Nd5 Qd6 0-1

[Event "Open SSM Autunno"]
[Site "Milano ITA"]
[Date "2014.09.19"]
[Round "2"]
[White "Casamassima, Paolo"]
[Black "Ciciotti, Augusto"]
[WhiteElo "1687"]
[BlackElo "1910"]
[Result "0-1"]
[PlyCount "108"]
[EventDate "2014.09.16"]

1. d4 Nf6 2. c4 g6 3. Nf3 Bg7 4. Nc3 O-O 5. g3 d6 6. Bg2 a6 7. O-O Nc6 8. b3
Rb8 9. a4 Bf5 10. Nh4 Bg4 11. h3 Bd7 12. e3 e5 13. Nf3 Re8 14. d5 Ne7 15. e4
Rf8 16. Be3 Nh5 17. Qc1 Kh8 18. Bh6 Bxh6 19. Qxh6 Ng8 20. Qe3 Ng7 21. Nd2 Nh5
22. Ne2 b5 23. f4 bxa4 24. bxa4 Qe7 25. Qa7 Rb2 26. Qe3 Rfb8 27. Rab1 Rxb1 28.
Nxb1 Bxa4 29. Qa7 Rb2 30. Nbc3 Bc2 31. Qxa6 Bd3 32. Rf2 Ngf6 33. Qa3 Rb8 34.
Qa2 h6 35. g4 Nxf4 36. Nxf4 exf4 37. Rxf4 Qe5 38. Qf2 Qxc3 39. Rxf6 Rb1+ 40.
Kh2 Qe5+ 41. Qf4 Qxf4+ 42. Rxf4 Kg7 43. Rf2 Rc1 44. c5 Rxc5 45. Rd2 Bb5 46. h4
g5 47. h5 Rc3 48. Rf2 Bd7 49. Bf3 c5 50. dxc6 Bxc6 51. Kg2 Re3 52. Rd2 Bxe4 53.
Bxe4 Rxe4 54. Kf3 Re6 0-1

[Event "Open SSM Autunno"]
[Site "Milano ITA"]
[Date "2014.09.19"]
[Round "2"]
[White "Colica, Daniele"]
[Black "Petrone, Gianmario"]
[WhiteElo "1710"]
[BlackElo "1963"]
[Result "0-1"]
[PlyCount "58"]
[EventDate "2014.09.16"]

1. e4 c5 2. Nf3 d6 3. d4 cxd4 4. Qxd4 Nc6 5. Bb5 Bd7 6. Bxc6 Bxc6 7. Nc3 Nf6 8.
Bg5 e6 9. O-O-O Be7 10. Rhe1 O-O 11. Qd2 Rc8 12. Nd4 Qa5 13. Kb1 Qb6 14. f4 h6
15. Bh4 Nxe4 16. Nxe4 Bxh4 17. Nxd6 Rcd8 18. g3 Bf6 19. Nb3 Bf3 20. c4 Bxd1 21.
Rxd1 Qc7 22. Qb4 b6 23. Kc2 a5 24. Nb5 Qc6 25. Qe1 Qxc4+ 26. Nc3 Rxd1 27. Qxd1
Rc8 28. Nd2 Qa4+ 29. Nb3 Bxc3 0-1

[Event "Open SSM Autunno"]
[Site "Milano ITA"]
[Date "2014.09.19"]
[Round "2"]
[White "Di Donato, Attilio"]
[Black "Greco, Giovanni"]
[WhiteElo "1398"]
[BlackElo "1484"]
[Result "0-1"]
[PlyCount "32"]
[EventDate "2014.09.16"]

1. e4 e5 2. Nf3 Nc6 3. Bb5 a6 4. Ba4 Nf6 5. d3 b5 6. Bb3 Be7 7. c3 O-O 8. O-O
d6 9. h3 Bb7 10. Re1 Na5 11. Bg5 Nxb3 12. axb3 Nd7 13. Qd2 Nc5 14. c4 Nxb3 15.
Bxe7 Qxe7 16. Qg5 f6 0-1

[Event "Open SSM Autunno"]
[Site "Milano ITA"]
[Date "2014.09.19"]
[Round "2"]
[White "Di Paola, Antonio"]
[Black "Mei, Gianluca"]
[WhiteElo "1697"]
[BlackElo "1842"]
[Result "1/2-1/2"]
[PlyCount "45"]
[EventDate "2014.09.16"]

1. d4 d5 2. c4 dxc4 3. Nf3 Nf6 4. e3 e6 5. Bxc4 c5 6. O-O a6 7. a4 Nc6 8. Qe2
cxd4 9. Rd1 Be7 10. exd4 O-O 11. Nc3 Nb4 12. Bg5 Nfd5 13. Nxd5 Nxd5 14. Bxe7
Nxe7 15. Ne5 Nd5 16. Rac1 Qd6 17. Qd2 Bd7 18. Bxd5 exd5 19. b3 Rac8 20. Rxc8
Rxc8 21. Rc1 Rxc1+ 22. Qxc1 f6 23. Nxd7 1/2-1/2

[Event "Open SSM Autunno"]
[Site "Milano ITA"]
[Date "2014.09.19"]
[Round "2"]
[White "Madaschi, Sergio"]
[Black "Invernizzi, Ferruccio"]
[WhiteElo "1491"]
[BlackElo "1627"]
[Result "0-1"]
[PlyCount "94"]
[EventDate "2014.09.16"]

1. e4 d6 2. d4 Nf6 3. Nc3 g6 4. f4 Bg7 5. Nf3 O-O 6. Be2 c6 7. O-O Nbd7 8. Kh1
Qc7 9. f5 e5 10. fxg6 fxg6 11. Be3 exd4 12. Nxd4 Ne5 13. h3 Bd7 14. Qd2 Rae8
15. Rad1 Bc8 16. Bh6 Ned7 17. Bxg7 Kxg7 18. Bf3 Nc5 19. Rfe1 Rf7 20. b4 Ne6 21.
Nxe6+ Rxe6 22. b5 Rfe7 23. bxc6 bxc6 24. Qd4 Bb7 25. Rf1 c5 26. Qd2 Bxe4 27.
Bxe4 Nxe4 28. Nxe4 Rxe4 29. Qxd6 Qxd6 30. Rxd6 Re2 31. Rfd1 Rxc2 32. Rd7 Rce2
33. Kh2 Kh6 34. Rxe7 Rxe7 35. Rc1 Re2 36. a4 Re4 37. Rxc5 Rxa4 38. Rc7 a5 39.
Ra7 Ra1 40. Kg3 a4 41. Kg4 a3 42. h4 Ra2 43. g3 Ra1 44. Ra6 a2 45. Ra5 Kg7 46.
Ra7+ Kf6 47. Rxh7 Re1 0-1

[Event "Open SSM Autunno"]
[Site "Milano ITA"]
[Date "2014.09.19"]
[Round "2"]
[White "Nepi, Ezio"]
[Black "Figini, Vittorio"]
[WhiteElo "1950"]
[BlackElo "1453"]
[Result "1-0"]
[PlyCount "41"]
[EventDate "2014.09.16"]

1. d4 Nf6 2. c4 e6 3. g3 d5 4. Bg2 c6 5. Qc2 Nbd7 6. Nf3 Be7 7. O-O O-O 8. Nbd2
Qc7 9. e4 dxe4 10. Nxe4 Nxe4 11. Qxe4 Re8 12. Bf4 Qd8 13. Rad1 Bf6 14. Rfe1 Nb6
15. d5 Bd7 16. dxc6 bxc6 17. Ne5 Bxe5 18. Bxe5 Qc8 19. Qg4 g6 20. Qh4 f5 21.
Qf6 1-0

[Event "Open SSM Autunno"]
[Site "Milano ITA"]
[Date "2014.09.19"]
[Round "2"]
[White "Pelizzola, Danilo"]
[Black "Giaretta, Fulvio"]
[WhiteElo "2081"]
[BlackElo "1794"]
[Result "1-0"]
[PlyCount "147"]
[EventDate "2014.09.16"]

1. e4 e5 2. Nf3 Nc6 3. Bb5 g6 4. O-O Bg7 5. c3 d5 6. d3 Nge7 7. Nbd2 O-O 8. Qe2
Kh8 9. Re1 a6 10. Ba4 f6 11. Nf1 Be6 12. Ng3 Qd7 13. Bb3 Na5 14. Bc2 Rae8 15.
b3 c5 16. Ba3 b6 17. Qd1 Rc8 18. Rc1 Bh6 19. Ra1 d4 20. c4 Nb7 21. b4 cxb4 22.
Bxb4 Nc5 23. Rb1 Qc7 24. Rb2 Rb8 25. Qe2 Rb7 26. Reb1 Rfb8 27. Qe1 Nc8 28. h3
Nd6 29. a4 Bd7 30. Qd1 b5 31. cxb5 axb5 32. a5 Na6 33. Be1 b4 34. Bb3 Nb5 35.
Ra1 Nc3 36. Qc2 Bb5 37. Nd2 Bxd2 38. Qxd2 Nc5 39. Bc2 Ba4 40. Bxa4 N5xa4 41.
Rb3 Qxa5 42. f4 exf4 43. Qxf4 Qe5 44. Qf3 Nc5 45. Rb2 b3 46. Nf1 N5a4 47. Bg3
Qg5 48. h4 Qh6 49. Qxf6+ Qg7 50. Qd6 Kg8 51. Be5 Qf7 52. Rf2 Qe7 53. Qxd4 b2
54. Qc4+ Qf7 55. Rxf7 Rxf7 56. Bxc3 Nxc3 57. Qxc3 b1=Q 58. Rxb1 Rxb1 59. Qc8+
Kg7 60. Qc3+ Kg8 61. e5 Rbxf1+ 62. Kh2 R1f4 63. Kg3 h5 64. e6 Rg4+ 65. Kh3 Rff4
66. g3 Rf3 67. Qc8+ Kg7 68. Qd7+ Kh6 69. Qd6 Kg7 70. Qe5+ Kf8 71. d4 Rd3 72. d5
Rgd4 73. Qf6+ Kg8 74. e7 1-0

[Event "Open SSM Autunno"]
[Site "Milano ITA"]
[Date "2014.09.19"]
[Round "2"]
[White "Pollio, Ciro"]
[Black "Costa, Calogero"]
[WhiteElo "1755"]
[BlackElo "1503"]
[Result "0-1"]
[PlyCount "120"]
[EventDate "2014.09.16"]

1. d4 d5 2. c4 e6 3. cxd5 exd5 4. Nc3 c6 5. Nf3 Nf6 6. Bg5 Nbd7 7. e3 Qa5 8.
Bd3 Bb4 9. Qc2 O-O 10. O-O Re8 11. a3 Bxc3 12. bxc3 Ne4 13. c4 Ndf6 14. Bxf6
gxf6 15. cxd5 cxd5 16. Rfc1 Re7 17. Bxe4 dxe4 18. Nd2 Bf5 19. Qc5 Qxc5 20. Rxc5
Bg6 21. Rac1 Kg7 22. Rc7 Rae8 23. Rc8 Rxc8 24. Rxc8 f5 25. Nc4 f4 26. Kf1 fxe3
27. fxe3 Re6 28. Rc7 b5 29. Ne5 Ra6 30. Rc3 Bf5 31. Ke1 Be6 32. Kd2 Bc4 33.
Nxc4 bxc4 34. Rxc4 Rxa3 35. Rc2 a5 36. g3 Rd3+ 37. Ke2 a4 38. Rc4 a3 39. Ra4
Kf6 40. d5 Ke5 41. d6 f5 42. d7 Ke6 43. d8=Q Rxd8 44. Rxa3 Rc8 45. Kd2 Rd8+ 46.
Ke2 Rb8 47. Ra6+ Ke5 48. Ra5+ Kf6 49. Ra2 Kg5 50. h3 h5 51. Ra3 Rb2+ 52. Kf1
Rb1+ 53. Kg2 h4 54. gxh4+ Kxh4 55. Ra2 Kg5 56. Re2 f4 57. exf4+ Kxf4 58. h4 e3
59. h5 Rb5 60. Kf1 Kf3 0-1

[Event "Open SSM Autunno"]
[Site "Milano ITA"]
[Date "2014.09.19"]
[Round "2"]
[White "Spada, Maurizio"]
[Black "Bracco, Valter"]
[WhiteElo "1611"]
[BlackElo "1464"]
[Result "1-0"]
[PlyCount "47"]
[EventDate "2014.09.16"]

1. e4 c5 2. c3 Nf6 3. e5 Nd5 4. Nf3 d6 5. d4 cxd4 6. Qxd4 e6 7. Bc4 Nc6 8. Bb5
Bd7 9. Bxc6 Bxc6 10. O-O Be7 11. Qg4 g6 12. Bh6 dxe5 13. Nxe5 f5 14. Qf3 Rc8
15. Nd2 Bf6 16. Nxc6 Rxc6 17. Nb3 Kf7 18. Rad1 Qe7 19. Rfe1 Rd8 20. Nd4 Bxd4
21. Rxd4 Rcd6 22. Qg3 Qe8 23. c4 f4 24. Bxf4 1-0

[Event "Open SSM Autunno"]
[Site "Milano ITA"]
[Date "2014.09.19"]
[Round "2"]
[White "Vallotto, Alberto"]
[Black "Mingolla, Patrizio"]
[WhiteElo "1452"]
[BlackElo "1626"]
[Result "0-1"]
[PlyCount "88"]
[EventDate "2014.09.16"]

1. e4 e5 2. Nf3 Nc6 3. c3 Nf6 4. d4 exd4 5. e5 Ng8 6. cxd4 d5 7. Bb5 Bd7 8. Nc3
Bb4 9. O-O Nge7 10. Bg5 Bxc3 11. bxc3 O-O 12. Qc2 Nxe5 13. Bxd7 Nxf3+ 14. gxf3
Qxd7 15. Bxe7 Qxe7 16. Qb3 c6 17. Rae1 Qc7 18. Re3 Rfe8 19. Rfe1 Rxe3 20. fxe3
Re8 21. c4 dxc4 22. Qxc4 g6 23. Qc5 b6 24. Qc4 Qd6 25. Re2 Qf6 26. f4 Re4 27.
Qa4 Re7 28. Qa3 Qe6 29. Kf2 f5 30. Rc2 Kf7 31. Qc3 h6 32. h4 Re8 33. a3 Qe7 34.
Kf3 Qxh4 35. Qxc6 Qh3+ 36. Kf2 Qxe3+ 37. Kg2 Qxd4 38. Qc7+ Re7 39. Qc8 Qxf4 40.
Rf2 Qe4+ 41. Kg3 Qe5+ 42. Kg2 Kg7 43. Qd8 Qc7 44. Qa8 Qb7+ 0-1

[Event "Open SSM Autunno"]
[Site "Milano ITA"]
[Date "2014.09.19"]
[Round "2"]
[White "Zuliani, Francesco"]
[Black "Silari, Andrea"]
[WhiteElo "1845"]
[BlackElo "1717"]
[Result "1/2-1/2"]
[PlyCount "85"]
[EventDate "2014.09.16"]

1. Nf3 Nf6 2. d4 d5 3. c4 c6 4. Nc3 e6 5. Bg5 Be7 6. e3 O-O 7. Qc2 a6 8. a4 Qa5
9. Bxf6 Bxf6 10. Bd3 g6 11. O-O dxc4 12. Bxc4 Nd7 13. Ne4 Be7 14. Rfd1 Nb6 15.
Be2 Nd5 16. Ne5 Qc7 17. Nc5 b6 18. Ncd3 Bb7 19. g3 Rac8 20. Bf1 Nb4 21. Qd2
Nxd3 22. Nxd3 c5 23. Bg2 Bxg2 24. Kxg2 cxd4 25. exd4 Rfd8 26. Qf4 Qxf4 27. Nxf4
g5 28. Nh3 Rc4 29. d5 exd5 30. Rd3 h6 31. Rad1 Rxa4 32. Ng1 Rb4 33. b3 d4 34.
Ne2 Bf6 35. Rc1 Re8 36. Rc2 Kg7 37. h3 a5 38. Kf1 a4 39. bxa4 Rxa4 40. Rb2 Rb8
41. Rb5 Rc4 42. g4 Rc5 43. Rb4 1/2-1/2

[Event "Open SSM Autunno"]
[Site "Milano ITA"]
[Date "2014.09.23"]
[Round "3"]
[White "Ciciotti, Augusto"]
[Black "Pelizzola, Danilo"]
[WhiteElo "1910"]
[BlackElo "2081"]
[Result "0-1"]
[PlyCount "60"]
[EventDate "2014.09.16"]

1. d4 Nf6 2. c4 e6 3. Nf3 b6 4. g3 Bb7 5. Bg2 Be7 6. O-O O-O 7. Nc3 d6 8. Qc2
Nbd7 9. e4 e5 10. Rd1 exd4 11. Nxd4 Re8 12. Nd5 Bf8 13. Nb5 c6 14. Nxf6+ Nxf6
15. e5 Rxe5 16. Bf4 Re6 17. Nd4 Re8 18. b4 Qd7 19. Qa4 Ne4 20. Rac1 h6 21. b5
cxb5 22. cxb5 g5 23. Be3 a6 24. Nc6 axb5 25. Qxb5 Rxa2 26. Qc4 Nxf2 27. Bxf2
Ree2 28. Rf1 Ba6 29. Qd5 Red2 30. Ne5 dxe5 0-1

[Event "Open SSM Autunno"]
[Site "Milano ITA"]
[Date "2014.09.23"]
[Round "3"]
[White "Figini, Vittorio"]
[Black "Spada, Maurizio"]
[WhiteElo "1453"]
[BlackElo "1611"]
[Result "1-0"]
[PlyCount "53"]
[EventDate "2014.09.16"]

1. e4 e5 2. Nf3 Nc6 3. Nc3 Nf6 4. Bc4 Bc5 5. h3 a6 6. a3 Ba7 7. d3 h6 8. O-O d6
9. Be3 Bd7 10. Qd2 Ne7 11. Rad1 Bc6 12. Rfe1 Bxe3 13. Qxe3 O-O 14. d4 exd4 15.
Nxd4 Bd7 16. e5 dxe5 17. Qxe5 Ng6 18. Qg3 Kh7 19. Bd3 Nh5 20. Qf3 Qg5 21. Ne4
Qd5 22. Ne2 Qe5 23. N2g3 Nhf4 24. Nc3 Qd6 25. Bxg6+ Qxg6 26. Rxd7 Ne6 27. Qf5
1-0

[Event "Open SSM Autunno"]
[Site "Milano ITA"]
[Date "2014.09.23"]
[Round "3"]
[White "Frignani, Alessandro"]
[Black "Mingolla, Patrizio"]
[WhiteElo "1467"]
[BlackElo "1626"]
[Result "0-1"]
[PlyCount "56"]
[EventDate "2014.09.16"]

1. e4 e5 2. Bc4 c6 3. Nc3 d6 4. Qf3 Nf6 5. h3 Be7 6. Nge2 Be6 7. Bxe6 fxe6 8.
d3 O-O 9. Qg3 Qe8 10. Bh6 Qf7 11. f3 Kh8 12. Be3 Nbd7 13. Qf2 Qh5 14. O-O-O Qf7
15. g4 d5 16. d4 exd4 17. Bxd4 e5 18. Bxa7 d4 19. Bxd4 exd4 20. Nxd4 Bc5 21.
Qg2 Ne5 22. f4 Nc4 23. Rhe1 Nd7 24. f5 Qf6 25. Ne6 Rxa2 26. Rxd7 Ra1+ 27. Nb1
Rxb1+ 28. Kxb1 Qxb2# 0-1

[Event "Open SSM Autunno"]
[Site "Milano ITA"]
[Date "2014.09.23"]
[Round "3"]
[White "Giaretta, Fulvio"]
[Black "Casamassima, Paolo"]
[WhiteElo "1794"]
[BlackElo "1687"]
[Result "1/2-1/2"]
[PlyCount "100"]
[EventDate "2014.09.16"]

1. e4 c5 2. Nf3 e6 3. d4 cxd4 4. Nxd4 Nc6 5. Be2 Be7 6. c4 a6 7. Nc3 Qc7 8. O-O
Nf6 9. Be3 O-O 10. Rc1 Rd8 11. f4 d6 12. Nb3 b6 13. Qe1 Rb8 14. Qf2 Re8 15. Nd2
Kh8 16. a3 Bd8 17. Rc2 Ne7 18. Rfc1 Ng6 19. b4 Nd7 20. Na4 Qb7 21. c5 bxc5 22.
bxc5 dxc5 23. Nxc5 Nxc5 24. Bxc5 Ba5 25. Nc4 Bc7 26. Nd6 Bxd6 27. Bxd6 Ra8 28.
e5 Qd7 29. Rc7 Qd8 30. Rxf7 Bd7 31. Bc7 Qc8 32. Qd4 Re7 33. Rxe7 Nxe7 34. Qd2
Nd5 35. Bf3 Qb7 36. Bd6 Bc6 37. Qc2 Rc8 38. Bxd5 exd5 39. Rb1 Bb5 40. Qf2 Qf7
41. f5 Bd3 42. e6 Qf6 43. Re1 Bxf5 44. Be5 Qg6 45. Qa7 Be4 46. g3 Re8 47. e7
Qe6 48. Rf1 Bf5 49. Qf2 Qxe5 50. Qxf5 Qxe7 1/2-1/2

[Event "Open SSM Autunno"]
[Site "Milano ITA"]
[Date "2014.09.23"]
[Round "3"]
[White "Greco, Giovanni"]
[Black "Colica, Daniele"]
[WhiteElo "1484"]
[BlackElo "1710"]
[Result "0-1"]
[PlyCount "44"]
[EventDate "2014.09.16"]

1. d4 Nf6 2. c4 e6 3. Nc3 Bb4 4. Nf3 O-O 5. Bg5 d6 6. Qc2 Nbd7 7. e3 c5 8. d5
exd5 9. cxd5 Qa5 10. Bd3 h6 11. Bxf6 Nxf6 12. e4 c4 13. Bxc4 Nxe4 14. Rc1 Bf5
15. Qb3 b5 16. Be2 Nc5 17. Qd1 Qxa2 18. O-O Bxc3 19. bxc3 a6 20. Nd4 Qxd5 21.
Bf3 Be4 22. Re1 Bxf3 0-1

[Event "Open SSM Autunno"]
[Site "Milano ITA"]
[Date "2014.09.23"]
[Round "3"]
[White "Invernizzi, Ferruccio"]
[Black "Nepi, Ezio"]
[WhiteElo "1627"]
[BlackElo "1950"]
[Result "0-1"]
[PlyCount "56"]
[EventDate "2014.09.16"]

1. e4 c5 2. d4 e6 3. Nf3 Nf6 4. Bg5 Be7 5. dxc5 Nxe4 6. Bxe7 Qxe7 7. b4 Nc6 8.
Bd3 Qf6 9. Nbd2 Nc3 10. Ne4 Nxe4 11. Bxe4 Qc3+ 12. Nd2 Qxb4 13. O-O Qxc5 14.
Nb3 Qe7 15. Qd3 d5 16. Bf3 Ne5 17. Qc3 Nxf3+ 18. Qxf3 O-O 19. Rfe1 Qc7 20. Rac1
Bd7 21. Qe2 Rac8 22. Nd2 Qc3 23. Nf3 Rc4 24. Qe5 Qxe5 25. Nxe5 Rc7 26. c4 dxc4
27. Nxd7 Rxd7 28. Rxc4 Rfd8 0-1

[Event "Open SSM Autunno"]
[Site "Milano ITA"]
[Date "2014.09.23"]
[Round "3"]
[White "Madaschi, Sergio"]
[Black "Brisotto, Stefano"]
[WhiteElo "1491"]
[BlackElo "1464"]
[Result "0-1"]
[PlyCount "74"]
[EventDate "2014.09.16"]

1. e4 c5 2. Nf3 Nc6 3. d4 cxd4 4. Nxd4 e5 5. Nb5 d6 6. c4 a6 7. N5c3 f5 8. Bd3
f4 9. Nd2 Nf6 10. Nf3 Be7 11. O-O O-O 12. b3 Qe8 13. Nd5 Nxd5 14. exd5 Nd8 15.
Qc2 Qh5 16. Be4 Bf5 17. Bxf5 Rxf5 18. Ba3 b6 19. Qe4 Nf7 20. Rac1 Ng5 21. Nxg5
Rxg5 22. Rc3 Rf8 23. Kh1 Qg4 24. Rh3 h6 25. Qf3 Qf5 26. Re1 Qc2 27. Qe2 Qf5 28.
Rc3 Rf6 29. h3 Rfg6 30. g4 fxg3 31. fxg3 Qxh3+ 32. Qh2 Qg4 33. Qg2 Rh5+ 34. Kg1
Qd4+ 35. Rce3 Bg5 36. Bc1 Bxe3+ 37. Bxe3 Qc3 0-1

[Event "Open SSM Autunno"]
[Site "Milano ITA"]
[Date "2014.09.27"]
[Round "3"]
[White "Mei, Gianluca"]
[Black "Zuliani, Francesco"]
[WhiteElo "1842"]
[BlackElo "1845"]
[Result "0-1"]
[PlyCount "46"]
[EventDate "2014.09.16"]

1. e4 d5 2. exd5 Nf6 3. c4 e6 4. d4 exd5 5. Nc3 Bb4 6. Nf3 O-O 7. Bd3 Re8+ 8.
Be3 Bg4 9. O-O c6 10. a3 Bd6 11. Bg5 dxc4 12. Bxc4 Nbd7 13. Qd3 Qc7 14. h3 Bh5
15. Rac1 Bf4 16. Bxf4 Qxf4 17. Qd2 Qd6 18. Be2 Rad8 19. Rfd1 Ne4 20. Nxe4 Rxe4
21. Qa5 Nf6 22. g4 Rxe2 23. gxh5 Ne4 0-1

[Event "Open SSM Autunno"]
[Site "Milano ITA"]
[Date "2014.09.23"]
[Round "3"]
[White "Miracola, Massimiliano"]
[Black "Di Paola, Antonio"]
[WhiteElo "2173"]
[BlackElo "1697"]
[Result "1-0"]
[PlyCount "83"]
[EventDate "2014.09.16"]

1. e4 c6 2. d4 d5 3. e5 Bf5 4. Nc3 e6 5. g4 Bg6 6. Nge2 c5 7. h4 h5 8. Nf4 Bh7
9. Nxh5 cxd4 10. Nb5 Nc6 11. Nxd4 Nge7 12. c3 Qc7 13. Bf4 a6 14. Qa4 Qa5 15.
Qxa5 Nxa5 16. b3 Rc8 17. Kd2 Ng6 18. Bg3 Nc6 19. Nxc6 Rxc6 20. Bd3 Ne7 21. Nf4
Kd7 22. a4 Bxd3 23. Nxd3 Nc8 24. a5 Na7 25. h5 Be7 26. Nb2 Rhc8 27. Na4 Bd8 28.
b4 Nb5 29. Nc5+ Kc7 30. Bh4 Bxh4 31. Rxh4 d4 32. c4 Nc3 33. Kd3 Rd8 34. g5 b5
35. axb6+ Rxb6 36. Nxa6+ Kc6 37. b5+ Kb7 38. Rxd4 Rxd4+ 39. Kxd4 Ne2+ 40. Ke3
Nc3 41. h6 gxh6 42. gxh6 1-0

[Event "Open SSM Autunno"]
[Site "Milano ITA"]
[Date "2014.09.23"]
[Round "3"]
[White "Petrone, Gianmario"]
[Black "Costa, Calogero"]
[WhiteElo "1963"]
[BlackElo "1503"]
[Result "1/2-1/2"]
[PlyCount "140"]
[EventDate "2014.09.16"]

1. e4 c5 2. c3 Nf6 3. e5 Nd5 4. d4 e6 5. Nf3 cxd4 6. cxd4 d6 7. Bc4 Nb6 8. Bb3
dxe5 9. Nxe5 Be7 10. O-O O-O 11. Bc2 N8d7 12. Qd3 f5 13. Bf4 Nd5 14. Bd2 Nxe5
15. dxe5 Bd7 16. Bb3 Bc6 17. Nc3 Nc7 18. Qxd8 Rfxd8 19. Rfd1 Kf7 20. Rac1 h6
21. Ne2 g5 22. Ba5 Rxd1+ 23. Rxd1 b6 24. Rc1 Bc5 25. Bb4 Na6 26. a3 Rd8 27. Ng3
Bd5 28. Bxc5 Nxc5 29. Bc2 Bb3 30. Bxb3 Nxb3 31. Rc7+ Kg6 32. h3 Rd5 33. Rxa7
Rxe5 34. Ra4 f4 35. Ne4 Nc5 36. Nxc5 Rxc5 37. Rb4 b5 38. Kf1 e5 39. g4 fxg3 40.
fxg3 Kf5 41. Ke2 h5 42. Kf3 Rd5 43. g4+ hxg4+ 44. hxg4+ Ke6 45. Ke4 Rc5 46. b3
Kf6 47. Kd3 Ke6 48. Ke4 Kf6 49. a4 bxa4 50. Rb6+ Ke7 51. bxa4 Rc4+ 52. Kf5 Rxa4
53. Re6+ Kf7 54. Rxe5 Ra6 55. Kxg5 Kg7 56. Re7+ Kf8 57. Rb7 Rc6 58. Kh5 Kg8 59.
g5 Ra6 60. Rc7 Rb6 61. Rd7 Ra6 62. Rd8+ Kg7 63. Rd7+ Kg8 64. Rb7 Rc6 65. Rb5
Kg7 66. g6 Rc1 67. Rb7+ Kg8 68. Rb8+ Kg7 69. Rb7+ Kg8 70. Rb8+ Kg7 1/2-1/2

[Event "Open SSM Autunno"]
[Site "Milano ITA"]
[Date "2014.09.23"]
[Round "3"]
[White "Silari, Andrea"]
[Black "Miracola, Giorgia"]
[WhiteElo "1717"]
[BlackElo "1814"]
[Result "0-1"]
[PlyCount "63"]
[EventDate "2014.09.16"]

1. e4 c5 2. Nf3 e6 3. d3 Nc6 4. g3 d6 5. Bg2 Nf6 6. O-O Be7 7. a4 O-O 8. Qe2
Qc7 9. c3 e5 10. Nh4 Bg4 11. f3 Bh5 12. g4 Bg6 13. Nf5 d5 14. h4 h6 15. Be3
Rad8 16. Nd2 Rfe8 17. Bh3 Bf8 18. Bf2 Bxf5 19. exf5 e4 20. fxe4 dxe4 21. dxe4
Qf4 22. Be1 Qe5 23. Bg2 Bd6 24. Nf3 Qf4 25. Bh3 Nxe4 26. Nd4 Qe5 27. Nxc6 bxc6
28. Rf3 c4 29. Qg2 Bc5+ 30. Kh1 Rd3 31. Rxd3 cxd3 32. Rd1 $138 0-1

[Event "Open SSM Autunno"]
[Site "Milano ITA"]
[Date "2014.09.23"]
[Round "3"]
[White "Verderame, Alberto"]
[Black "Vallotto, Alberto"]
[WhiteElo "1474"]
[BlackElo "1452"]
[Result "1-0"]
[PlyCount "47"]
[EventDate "2014.09.16"]

1. Nf3 e6 2. d4 d5 3. b3 Nf6 4. Bb2 a6 5. e3 Be7 6. Nbd2 b5 7. a3 Nbd7 8. c4 c6
9. cxd5 Nxd5 10. Bd3 O-O 11. Rc1 Bb7 12. O-O Qa5 13. b4 Qd8 14. Ne5 Rc8 15. Qe2
Nxe5 16. dxe5 c5 17. bxc5 Bxc5 18. Kh1 Nb6 19. Ne4 Qe7 20. Nf6+ Kh8 21. Bxh7
Nd5 22. Qh5 Nxf6 23. exf6 gxf6 24. Bg6+ 1-0